Singapore Trivia Quiz - Statistieken

Algemene statistieken
  • Deze quiz is 389 keer genomen
  • De gemiddelde score is 10 van 20
Antwoordstatistieken
Hint Antwoord % Correct
Officiële talen Engels
88%
Land dat in 1942 Singapore binnenviel Japan
82%
Officiële talen Mandarijn
81%
Land dat de moderne stad in 1819 heeft gesticht Verenigd Koninkrijk
75%
Officiële talen Maleis
72%
Valuta Singaporese Dollar
69%
De breedtegraad van Singapore (op hele graden) 1° Noord
63%
Singapore heeft de op een na drukste _____ ter wereld, na Shanghai Haven
62%
Snoep dat in 1992 werd verboden Kauwgom
58%
Populair maar stinkend fruit dat in de metro verboden is Durian
42%
Betekenis van "Singapore" De {Leeuwen}stad
37%
Officiële talen Tamil
36%
Term die wordt gebruikt om de economieën van Singapore, Taiwan, Hong Kong en Zuid-Korea te omschrijven Aziatische {Tijgers}
35%
Singapore heeft het laagste _________ ter wereld. {Vruchtbaarheids}cijfer
34%
Wapen dat wordt gebruikt om lijfstraffen op te leggen Stok
32%
Zee aan het oostelijke uiteinde van de Straat van Singapore Zuid-Chinese Zee
30%
Gin-cocktail met kersen en ananas Singapore {Sling}
25%
Beroemde winkelstraat, ooit de locatie van kruiden- en fruitplantages {Orchard} Road
19%
Beroemd waterspuwend beeld Merlion
18%
Premier in de periode 1959-1990, vaak beschouwd als een "welwillende dictator" Lee Kuan Yew
16%
Geen overeenkomende quizzen gevonden
Scoreverdeling
Procent van Mensen met Elke Score
Percentiel versus Aantal Correcte Antwoorden
Uw Scoregeschiedenis
U heeft deze quiz nog niet genomen